Credit department organization and operation: (Record no. 27872)

MARC details
000 -LEADER
fixed length control field 01144nam a2200361 a 4500
001 - CONTROL NUMBER
control field vtls000024571
003 - CONTROL NUMBER IDENTIFIER
control field NLI
005 - DATE AND TIME OF LATEST TRANSACTION
control field 20210601182559.0
008 - FIXED-LENGTH DATA ELEMENTS--GENERAL INFORMATION
fixed length control field 101125s1958 nyu 000 0 eng
020 ## - INTERNATIONAL STANDARD BOOK NUMBER
Terms of availability $ 3.75
039 #9 - LEVEL OF BIBLIOGRAPHIC CONTROL AND CODING DETAIL [OBSOLETE]
-- 201011250209
-- VLOAD
040 0# - CATALOGING SOURCE
Original cataloging agency NLI
Language of cataloging eng
Transcribing agency VERGIS-2003
041 0# - LANGUAGE CODE
Language code of text/sound track or separate title eng
044 ## - COUNTRY OF PUBLISHING/PRODUCING ENTITY CODE
MARC country code nyu
082 04 - DEWEY DECIMAL CLASSIFICATION NUMBER
Classification number 658.882
100 1# - MAIN ENTRY--PERSONAL NAME
Personal name Curtis, Edward T.
9 (RLIN) 74160
245 10 - TITLE STATEMENT
Title Credit department organization and operation:
Remainder of title a survey of company practices/
Statement of responsibility, etc. Edward T. Curtis
260 ## - PUBLICATION, DISTRIBUTION, ETC.
Place of publication, distribution, etc. New York:
Name of publisher, distributor, etc. American Management Association,
Date of publication, distribution, etc. 1958
300 ## - PHYSICAL DESCRIPTION
Extent 144 p.;
Dimensions 23 cm.
440 #0 - SERIES STATEMENT/ADDED ENTRY--TITLE
Title Research study
Volume/sequential designation no. 34
9 (RLIN) 61278
650 #0 - SUBJECT ADDED ENTRY--TOPICAL TERM
Topical term or geographic name entry element Credit departments
9 (RLIN) 68280
650 #0 - SUBJECT ADDED ENTRY--TOPICAL TERM
Topical term or geographic name entry element Collecting of accounts
9 (RLIN) 65329
887 ## - NON-MARC INFORMATION FIELD
Content of non-MARC field Jansi
901 ## - LOCAL DATA ELEMENT A, LDA (RLIN)
a 347961
b 25/10/1962
902 ## - LOCAL DATA ELEMENT B, LDB (RLIN)
a E 658.882 C 942
903 ## - LOCAL DATA ELEMENT C, LDC (RLIN)
a 16/03/2004
904 ## - LOCAL DATA ELEMENT D, LDD (RLIN)
a Jansi
906 ## - LOCAL DATA ELEMENT F, LDF (RLIN)
a 024449
949 ## - LOCAL PROCESSING INFORMATION (OCLC)
-- VIRTUAITEM
-- 10000
-- 1
-- 100
6 PUR000347961ENG
a E 658.882 C942
942 ## - ADDED ENTRY ELEMENTS (KOHA)
Source of classification or shelving scheme Dewey Decimal Classification
Koha item type Books
Holdings
Withdrawn status Lost status Damaged status Not for loan Collection code Home library Current library Shelving location Date acquired Total Checkouts Full call number Barcode Date last seen Price effective from Koha item type
        New English National Library of India National Library of India New English - Main Stack Division     E 658.882 C 942 PUR000347961ENG 01/06/2021 01/06/2021 Books
                                                                           
web counter

Copyright ©2020 The National Library of India, Govt. of India ↔ Hosted by NVLI, MOC ↔ Technology and Design by National Library of India, Ministry of Culture, Govt. of India